El mundo increíble /

Colección que conjuga fotografía y literatura en un encuentro poético en que la obra del artista visual y la del escritor dialogan y se enriquecen mutuamente.

Uloženo v:
Podrobná bibliografie
Hlavní autor: Simmons, Dominic (fotógrafo)
Další autoři: Bellatin, Mario (texto) (texto)
Médium: Kniha
Jazyk:španělština
Vydáno: México : Artes de México : Gobierno del Distrito Federal, Secretaría de Cultura, 2012, c2012
Edice:(Luz Portátil ; 19)
Témata:
Tagy: Přidat tag
Žádné tagy, Buďte první, kdo vytvoří štítek k tomuto záznamu!

MARC

LEADER 00000nam^a2200000^a^4500
001 000331634
005 20250521000000.0
009 20260310114040.414
020 |a 978-607-461-100-7 
037 |a Acervo ITESO - Biblioteca 
041 |a ESP 
082 |a 701. 06  |b LUZ V. 19 
100 |a Simmons, Dominic  |e (fotógrafo) 
245 1 3 |a El mundo increíble /  |c Fotografía de D. Simmons ; texto de M. Bellatin. 
264 4 |a México :  |b Artes de México :  |b Gobierno del Distrito Federal, Secretaría de Cultura,  |c 2012, c2012 
300 |a 59 p. :  |b tapa dura 
336 |a texto  |b txt  |2 rdacontenido 
337 |a sin mediación  |b n  |2 rdamedio 
338 |a volumen  |b nc  |2 rdasoporte 
440 1 |a (Luz Portátil ;  |v 19) 
520 |a Colección que conjuga fotografía y literatura en un encuentro poético en que la obra del artista visual y la del escritor dialogan y se enriquecen mutuamente. 
545 0 |a Mario Bellatin (1960-), escritor mexicano formado en Perú. En 1987 cursó estudios de guión cinematográfico en la Escuela Internacional de Cine Latinoamericano de San Antonio de los Baños, Cuba. Desde 1999 es miembro del Sistema Nacional de Creadores de Arte de México. En el año 2000 fue finalista del Premio Médicis a la mejor novela extranjera publicada en Francia y recibió el Premio Xavier Villaurrutia por su novela Flores. Su obra ha sido traducida al alemán, inglés y francés y ha aparecido, además, en varias antologías. Algunas de sus obras son Mujeres de sal (1986); Efecto invernadero (1992); Canon perpetuo (1993); Salón de belleza (1994); Damas chinas (1995); Tres novelas (1995); Poeta ciego (1998); El jardín de la señora Murakami (2000); Shiki Nagaoka: Una nariz de ficción (2001); La escuela del dolor humano de Sechuán (2001); Jacobo el mutante (2002); y Perros héroes (2003). 
649 |a XX 
650 |a Fotógrafos Mexicanos 
650 |a Escritores Mexicanos 
650 |a Artistas Mexicanos 
650 |a Cuentos Mexicanos 
650 |a Enanos -  |z México -  |x Fotografías 
650 |a Toreros -  |z México -  |x Fotografías 
650 |a Libros de Artista 
650 |a Retrato (Fotografía) -  |z México 
650 |a Fotografía y Literatura -  |z México 
650 |a Fotografía y Literatura -  |x Tema Principal 
650 |a Fotografía en Blanco y Negro -  |z México 
650 |a Fotografía Mexicana -  |y Siglo XXI 
650 |a Fotografía Mexicana -  |x Historia y Crítica 
650 |a Arte Mexicano -  |y Siglo XXI 
650 |a Arte Mexicano -  |x Historia y Crítica 
650 |a Literatura Mexicana -  |y Siglo XXI 
650 |a Bellatin, Mario -  |x Tema Principal 
650 |a Simmons, Dominic -  |x Tema Principal 
700 |a Bellatin, Mario  |e (texto) 
910 |a Fondo General 
920 |a Impresos - Libros 
930 |a Reserva Especial 
905 |a 103 
901 |a 0500220747  |b IT1  |c REE  |i C135678  |u 20250521 
902 |a https://opac.biblio.iteso.mx/vufind/Record/000331634